000 00200nam a2200097 4500
020 _a978813150487
082 _a658.15 MEG
100 _aMegginson, Willia L.
245 _aPrinciple of cor
942 _cBK
999 _c12273
_d12273